Creación de bases de datos en Internet

Wedi'i Gadw mewn:
Manylion Llyfryddiaeth
Prif Awduron: Sinclair, Joseph (Awdur), McCullogh (Awdur)
Fformat: Llyfr
Iaith:Sbaeneg
Cyhoeddwyd: Madrid Anaya 1997
Pynciau:
Tagiau: Ychwanegu Tag
Dim Tagiau, Byddwch y cyntaf i dagio'r cofnod hwn!

MARC

LEADER 00000nam a2200000 a 4500
001 UCM3328
003 CL-VaPUC
008 020705e19970000SP |||||||||||||||||spa|d
082 0 4 |a 005.74  |b SIN  |2 21 
100 0 |a Sinclair, Joseph  |e author  |9 470042 
700 0 |a McCullogh  |e author  |9 470043 
245 1 0 |a Creación de bases de datos en Internet 
300 |a 504 p 
942 |c BK 
945 |d 20020705 00:00:00  |a vberengu 
260 |a Madrid  |b Anaya  |c 1997 
500 |a Incluye cd rom en inglés 
650 0 |a Bases de datos   |9 260577 
650 0 |a Diseño de bases de datos   |9 384787 
650 0 |a Internet   |9 254823 
583 |a last modification  |c 20020705 00:00:00  |k Rodrigo Vera 
999 |c 300702  |d 300700 
952 |0 0  |1 0  |4 0  |6 005_740000000000000_SIN_1997  |7 0  |8 A  |9 358883  |a BIBING  |b BIBING  |d 2019-11-21  |i 3824195  |o 005.74 SIN 1997  |p 3824195  |r 2025-01-20  |w 2019-11-21  |y BK  |k ING